Statistics for The 1975 - Wintering Lyrics

Click here to take the quiz!

General Stats

  • This quiz has been taken 13 times
  • The average score is 140 of 298

Answer Stats

Answer% Correct
the
100%
a
75%
are
75%
be
75%
been
75%
for
75%
I
75%
no
75%
not
75%
nothin'
75%
of
75%
on
75%
she
75%
She
75%
so
75%
walks
75%
with
75%
With
75%
you
75%
23rd
50%
64
50%
about
50%
an
50%
and
50%
And
50%
argue
50%
ass
50%
at
50%
back
50%
best
50%
bout
50%
case
50%
cause
50%
chords
50%
Christmas
50%
co-op
50%
court
50%
died
50%
down
50%
drive
50%
ever
50%
every
50%
family's
50%
fan
50%
fat
50%
feeling
50%
fleece
50%
four
50%
frumpy
50%
gonna
50%
got
50%
have
50%
he
50%
He
50%
heard
50%
her
50%
hurts"
50%
I'll
50%
in
50%
is
50%
it
50%
It
50%
it's
50%
just-
50%
just
50%
makes
50%
me
50%
mum
50%
my
50%
nightmare
50%
old"
50%
old
50%
sculptor
50%
song
50%
soul
50%
stairs
50%
stuffin'
50%
ten
50%
that
50%
this
50%
to
50%
up
50%
vegan
50%
voice
50%
"Woman
50%
won
50%
years
50%
"Alex
25%
asked
25%
ate
25%
bumped
25%
but
25%
came
25%
can
25%
chair
25%
come
25%
Dad's
25%
Debbie
25%
discussion
25%
doesn't
25%
eight
25%
fish
25%
friend
25%
funny
25%
"Give
25%
givin'
25%
Grade
25%
great
25%
guy
25%
Hannah
25%
herself
25%
He's
25%
he's
25%
his
25%
home
25%
how
25%
into
25%
Joanna
25%
John's
25%
Julie
25%
like
25%
like-
25%
line
25%
Lookin'
25%
mark
25%
Mum's
25%
obsessed
25%
official
25%
Oh
25%
Olivia's
25%
Otis
25%
percussion
25%
plays
25%
pretty
25%
Redding
25%
said
25%
same
25%
she's
25%
since
25%
skill
25%
sound
25%
stop
25%
type
25%
using
25%
wanna
25%
way
25%
words
25%
work
25%
Yeah
25%
(yeah)
25%
yeah)
25%
(yeah
25%
Bill
0%
called
0%
coalesces
0%
date
0%
dresses
0%
get
0%
heart
0%
Now
0%
should
0%
start
0%
straight
0%
Vin
0%
wears
0%
wedding
0%
While
0%
while
0%

Score Distribution

Percentile by Number Answered

Percent of People with Each Score

Your Score History

You have not taken this quiz